000 00358cam a2200145ua 4500
041 _aeng
_h
082 _a664.024
_bMOD/FE
100 _aModi, H.A .
245 _aFermentation technology, Vol.2 /
_cH.A.Modi.
_hTextual Documents
260 _aJaipur :
_bPointer publishers ,
_c2009.
300 _a ; .
504 _a
942 _cBK
999 _c13539
_d13539